[Event "Titled Tuesday intern op 25th Feb Early"]
[Site "Chess.com INT"]
[Date "2025.02.25"]
[Round "9"]
[White "Fabris, Alberto"]
[Black "Mirza, Diana"]
[Result "1-0"]
[WhiteElo "2230"]
[BlackElo "1965"]
[PlyCount "35"]
[EventDate "2025.02.25"]
[EventType "swiss (blitz)"]
[EventRounds "11"]
[EventCountry "USA"]
[SourceTitle "CB10_2025"]
[SourceDate "2025.03.05"]
[SourceVersion "1"]
[SourceVersionDate "2025.03.05"]
[SourceQuality "1"]

1. e4 e5 2. Nf3 Nf6 3. Nxe5 d6 4. Nf3 Nxe4 5. d4 Be7 6. Bd3 Nf6 7. 0-0 0-0 8. Re1 Bg4 9. Nbd2 Qd7 10. Nf1 Nc6 11. c3 d5 12. Ng3 Rfe8 13. h3 Bxf3 14. Qxf3 Bd6 15. Bg5 Rxe1+ 16. Rxe1 Re8 17. Rxe8+ Nxe8 18. Bf5 1-0

[Event "Titled Tuesday intern op 25th Feb Early"]
[Site "Chess.com INT"]
[Date "2025.02.25"]
[Round "8"]
[White "Wainer, Daniel"]
[Black "Fabris, Alberto"]
[Result "0-1"]
[WhiteElo "2105"]
[BlackElo "2230"]
[PlyCount "86"]
[EventDate "2025.02.25"]
[EventType "swiss (blitz)"]
[EventRounds "11"]
[EventCountry "USA"]
[SourceTitle "CB10_2025"]
[SourceDate "2025.03.05"]
[SourceVersion "1"]
[SourceVersionDate "2025.03.05"]
[SourceQuality "1"]

1. e4 c5 2. c3 d5 3. exd5 Qxd5 4. d4 Nc6 5. Nf3 Bg4 6. Be2 cxd4 7. 0-0 e6 8. cxd4 Nf6 9. Nc3 Qd6 10. h3 Bh5 11. Be3 Be7 12. Qd2 0-0 13. Bf4 Qd8 14. g4 Bg6 15. Be3 Nd5 16. Nxd5 Qxd5 17. b3 Rac8 18. Rfe1 Rfd8 19. Rad1 Be4 20. Nh2 a6 21. Bc4 Qd7 22. f3 Bb4 23. Qe2 Bxe1 24. fxe4 Bg3 25. Nf3 b5 26. Bd3 Qc7 27. Bb1 Bf4 28. e5 Bxe3+ 29. Qxe3 Ne7 30. Qe4 Ng6 31. h4 Qc6 32. h5 Qxe4 33. Bxe4 Ne7 34. Bb7 Rb8 35. Bxa6 Rb6 36. Bxb5 Rxb5 37. Rd3 Nd5 38. Kf2 Rc8 39. Ng5 h6 40. Ne4 Rc2+ 41. Kg3 Rxa2 42. Nd6 Rb8 43. Rd1 Rb2 0-1

[Event "Titled Tuesday intern op 11th Feb Early"]
[Site "Chess.com INT"]
[Date "2025.02.11"]
[Round "6"]
[White "Fabris, Alberto"]
[Black "Kopczynski, Michal"]
[Result "0-1"]
[WhiteElo "2230"]
[BlackElo "2225"]
[PlyCount "112"]
[EventDate "2025.02.11"]
[EventType "swiss (blitz)"]
[EventRounds "11"]
[EventCountry "USA"]
[SourceTitle "CB09_2025"]
[SourceDate "2025.02.27"]
[SourceVersion "1"]
[SourceVersionDate "2025.02.27"]
[SourceQuality "1"]

1. e4 b6 2. d4 Bb7 3. Bd3 e6 4. Nf3 Nf6 5. Qe2 d5 6. e5 Nfd7 7. 0-0 c5 8. c3 Nc6 9. a3 Qc7 10. b4 c4 11. Bc2 h6 12. a4 0-0-0 13. Na3 a6 14. b5 Na5 15. bxa6 Bxa6 16. Nb5 Qb8 17. Ba3 Bxa3 18. Rxa3 Bxb5 19. axb5 Qc7 20. Rfa1 Nb8 21. Ne1 Kd7 22. Bd1 Rhe8 23. Ba4 Ke7 24. Nc2 Kf8 25. Nb4 Qd7 26. Rb1 Kg8 27. Nc6 Nbxc6 28. bxc6 Qc7 29. Qb2 Rb8 30. Qb5 Rec8 31. Ra2 Nxc6 32. Qxc6 Qxc6 33. Bxc6 Rxc6 34. Ra6 Rb7 35. Rb5 Kf8 36. Kf1 Ke7 37. Ke2 f6 38. f4 fxe5 39. fxe5 Kf7 40. Kf3 Kg6 41. Kf4 Rf7+ 42. Kg3 Rf1 43. Rbxb6 Rxb6 44. Rxb6 Kf5 45. Rb7 Rc1 46. Rxg7 Rxc3+ 47. Kf2 Ke4 48. Rg6 Rc2+ 49. Kg3 Kxd4 50. Rxe6 c3 51. Re8 Re2 52. e6 c2 53. Rc8 Kd3 54. Kf4 Rxe6 55. g4 Re4+ 56. Kf3 Rc4 0-1

[Event "Titled Tuesday intern op 11th Feb Early"]
[Site "Chess.com INT"]
[Date "2025.02.11"]
[Round "11"]
[White "Fawaz, Nadia"]
[Black "Fabris, Alberto"]
[Result "1/2-1/2"]
[WhiteElo "1786"]
[BlackElo "2230"]
[PlyCount "197"]
[EventDate "2025.02.11"]
[EventType "swiss (blitz)"]
[EventRounds "11"]
[EventCountry "USA"]
[SourceTitle "CB09_2025"]
[SourceDate "2025.02.27"]
[SourceVersion "1"]
[SourceVersionDate "2025.02.27"]
[SourceQuality "1"]

1. e4 c5 2. Nf3 Nc6 3. d4 cxd4 4. Nxd4 Nf6 5. Nc3 e5 6. Ndb5 d6 7. Bd3 a6 8. Na3 b5 9. Nab1 Be6 10. 0-0 Be7 11. Nd5 Nxd5 12. exd5 Bxd5 13. Bxb5 Bxg2 14. Kxg2 axb5 15. Nc3 b4 16. Nd5 0-0 17. Qg4 Kh8 18. Kh1 Nd4 19. Nxb4 Qb6 20. c3 Qb7+ 21. Qg2 Nf3 22. Be3 e4 23. a3 d5 24. Rad1 Bxb4 25. axb4 Ra2 26. Bc5 Rd8 27. Bd4 f6 28. b3 Ra3 29. Ra1 Rda8 30. Rxa3 Rxa3 31. Qg4 h6 32. Rb1 Nxd4 33. cxd4 Qxb4 34. Qc8+ Kh7 35. Qf5+ Kh8 36. Qxd5 Qe7 37. Re1 Ra2 38. Kg1 Kh7 39. Qxe4+ Qxe4 40. Rxe4 Rb2 41. Re3 Rd2 42. Re4 Rb2 43. b4 Rxb4 44. Kg2 Kg6 45. Rg4+ Kf7 46. Kf3 f5 47. Rf4 Kf6 48. Ke3 g5 49. Rf3 Rb3+ 50. Ke2 Rb2+ 51. Kf1 Ke6 52. Re3+ Kf6 53. Rd3 Ke6 54. Rc3 Kd5 55. Rc5+ Kxd4 56. Rxf5 Ke4 57. Rf6 h5 58. Kg2 Ke5 59. Rh6 h4 60. Rh5 Kf4 61. h3 Rb3 62. Rh8 Ra3 63. Rf8+ Ke5 64. Rf7 Ke6 65. Rb7 Kf5 66. Rb5+ Kf4 67. Rb4+ Kf5 68. Rc4 Kf6 69. Rc5 Kg6 70. Rd5 Kf6 71. Rb5 Kg6 72. Kh2 Kf6 73. Rd5 Kg6 74. Kg2 Kf6 75. Rd4 Kf5 76. Rb4 Kf6 77. Rg4 Kf5 78. Rb4 Kf6 79. Rb2 Kf5 80. Rd2 Kf6 81. Rd8 Kf5 82. Rf8+ Kg6 83. Re8 Kf6 84. Re4 Kf5 85. Re1 Kf4 86. Rb1 Kf5 87. Rb2 Kf6 88. f3 Kf5 89. Kf2 Kf4 90. Rb4+ Kf5 91. Rb2 Rc3 92. Ke2 Ra3 93. Rb4 Kf6 94. Rb5 Kg6 95. Rd5 Kf6 96. Rd4 Kf5 97. Rb4 Kf6 98. Kf2 Kf5 99. Ke2 1/2-1/2

[Event "Titled Tuesday intern op 04th Feb Early"]
[Site "Chess.com INT"]
[Date "2025.02.04"]
[Round "5"]
[White "Fabris, Alberto"]
[Black "Delgado Kuffo, Andres"]
[Result "1-0"]
[WhiteElo "2230"]
[BlackElo "2320"]
[PlyCount "61"]
[EventDate "2025.02.04"]
[EventType "swiss (blitz)"]
[EventRounds "11"]
[EventCountry "USA"]
[SourceTitle "CB07_2025"]
[SourceDate "2025.02.12"]
[SourceVersion "1"]
[SourceVersionDate "2025.02.12"]
[SourceQuality "1"]

1. e4 c5 2. Nf3 a6 3. c4 e6 4. d4 cxd4 5. Nxd4 Nf6 6. Nc3 Bb4 7. Bd3 Nc6 8. Nxc6 dxc6 9. Qc2 e5 10. 0-0 0-0 11. Bg5 Be7 12. Rad1 Nd7 13. Be3 b5 14. Be2 b4 15. Na4 Qc7 16. c5 g6 17. b3 Rb8 18. Rd2 f5 19. exf5 gxf5 20. f4 Bf6 21. Bc4+ Kh8 22. Rd6 Bg7 23. Rfd1 e4 24. Bd4 Nf6 25. Be5 Qa7 26. Qb2 Ng4 27. Rd8 Nxe5 28. Rxf8+ Bxf8 29. Qxe5+ Qg7 30. Qxb8 Bd7 31. Rxd7 1-0

[Event "Titled Tuesday intern op 28th Jan Early"]
[Site "Chess.com INT"]
[Date "2025.01.28"]
[Round "5"]
[White "Gostev, Serghei"]
[Black "Fabris, Alberto"]
[Result "0-1"]
[WhiteElo "2262"]
[BlackElo "2230"]
[PlyCount "108"]
[EventDate "2025.01.28"]
[EventType "swiss (blitz)"]
[EventRounds "11"]
[EventCountry "USA"]
[SourceTitle "CB06_2025"]
[SourceDate "2025.02.05"]
[SourceVersion "1"]
[SourceVersionDate "2025.02.05"]
[SourceQuality "1"]

1. c4 e5 2. g3 Nf6 3. Bg2 d5 4. c5 Bxc5 5. d3 0-0 6. e3 c6 7. Ne2 Bf5 8. 0-0 Nbd7 9. b3 a5 10. Bb2 Re8 11. Nbc3 e4 12. dxe4 Nxe4 13. Nd4 Bg6 14. Rc1 Bf8 15. Nce2 Ne5 16. Nf4 Qe7 17. h4 h6 18. Nxg6 Nxg6 19. Qg4 Ne5 20. Qe2 Nd6 21. Rfd1 Nd7 22. Qg4 Nf6 23. Qe2 Nfe4 24. Qg4 Rad8 25. Re1 Nf6 26. Qd1 Qd7 27. Nf3 Nfe4 28. Qd4 Qf5 29. Rcd1 Nf6 30. Re2 Qe4 31. Qd2 Qg4 32. Qxa5 Nfe4 33. Qe1 Nf5 34. Nd4 Nxd4 35. Bxd4 Qf5 36. f3 Nf6 37. g4 Qe6 38. Qg3 Nd7 39. g5 h5 40. Bh3 Qe7 41. e4 dxe4 42. Rxe4 Qb4 43. Rde1 Rxe4 44. Rxe4 Qd2 45. Bf2 Qd1+ 46. Kg2 Nb6 47. Bxb6 Rd2+ 48. Bf2 Qc2 49. Re8 Qxa2 50. Rc8 Qb2 51. Bf5 g6 52. Be4 Kg7 53. Kg1 Bd6 54. Qg2 Rd1+ 0-1

[Event "Titled Tuesday intern op 28th Jan Early"]
[Site "Chess.com INT"]
[Date "2025.01.28"]
[Round "10"]
[White "Kalyani, Sirin"]
[Black "Fabris, Alberto"]
[Result "1-0"]
[WhiteElo "2012"]
[BlackElo "2230"]
[PlyCount "61"]
[EventDate "2025.01.28"]
[EventType "swiss (blitz)"]
[EventRounds "11"]
[EventCountry "USA"]
[SourceTitle "CB06_2025"]
[SourceDate "2025.02.05"]
[SourceVersion "1"]
[SourceVersionDate "2025.02.05"]
[SourceQuality "1"]

1. e4 c5 2. Nf3 Nc6 3. Bb5 g6 4. 0-0 Bg7 5. c3 Nf6 6. Re1 0-0 7. d4 cxd4 8. cxd4 d5 9. e5 Ne4 10. Bxc6 bxc6 11. Be3 Bg4 12. Qc1 Qb6 13. h3 Be6 14. Nbd2 Nxd2 15. Nxd2 a5 16. Nb3 Rfb8 17. Rb1 Bf8 18. g4 Bc8 19. Nc5 e6 20. Bh6 Qc7 21. Bxf8 Kxf8 22. Qh6+ Kg8 23. b3 Rb4 24. Rbd1 Ba6 25. h4 Qe7 26. h5 Qh4 27. Qf4 Rd8 28. hxg6 hxg6 29. Nxa6 Rb6 30. Nc5 Rb4 31. Re3 1-0

[Event "Titled Tuesday intern op 14th Jan Early"]
[Site "Chess.com INT"]
[Date "2025.01.14"]
[Round "11"]
[White "Bartakke, Amardeep S"]
[Black "Fabris, Alberto"]
[Result "0-1"]
[WhiteElo "2035"]
[BlackElo "2230"]
[PlyCount "126"]
[EventDate "2025.01.14"]
[EventType "swiss (blitz)"]
[EventRounds "11"]
[EventCountry "USA"]
[SourceTitle "CB04_2025"]
[SourceDate "2025.01.22"]
[SourceVersion "1"]
[SourceVersionDate "2025.01.22"]
[SourceQuality "1"]

1. Nf3 Nf6 2. d4 e6 3. c4 Bb4+ 4. Nbd2 0-0 5. g3 b6 6. Bg2 Bb7 7. 0-0 d5 8. a3 Be7 9. Qc2 Nbd7 10. Ne5 Nxe5 11. dxe5 Nd7 12. f4 c5 13. cxd5 Bxd5 14. e4 Bb7 15. Nc4 Qc7 16. Be3 Rad8 17. Rad1 Ba6 18. Rd2 Nb8 19. Rfd1 Rxd2 20. Rxd2 Rd8 21. Rxd8+ Qxd8 22. b3 Nc6 23. Qd2 Bxc4 24. Qxd8+ Bxd8 25. bxc4 Na5 26. Bf1 Kf8 27. f5 Ke8 28. Kf2 Kd7 29. g4 a6 30. Kg3 Kc6 31. h4 b5 32. cxb5+ axb5 33. g5 g6 34. f6 Bc7 35. Kf4 c4 36. Bd4 Nb3 37. Bc3 Bb6 38. h5 Bc5 39. hxg6 hxg6 40. a4 Bg1 41. axb5+ Kxb5 42. Be2 Bh2+ 43. Ke3 Nc5 44. Bh5 gxh5 45. g6 fxg6 46. f7 Nd7 47. Kf3 Ka4 48. Bd4 Kb3 49. Bc5 c3 50. f8Q Nxf8 51. Bxf8 Bxe5 52. Bh6 Kc2 53. Bg5 Kd3 54. Bh6 c2 55. Bc1 Bc3 56. Kf4 Bd2+ 57. Bxd2 Kxd2 58. Kg5 c1Q 59. Kxg6 Ke3 60. Kxh5 Kxe4 61. Kh4 Qg1 62. Kh5 Kf5 63. Kh6 Qg6# 0-1

[Event "Titled Tuesday intern op 14th Jan Early"]
[Site "Chess.com INT"]
[Date "2025.01.14"]
[Round "1"]
[White "Shubenkova, Veronika"]
[Black "Fabris, Alberto"]
[Result "1-0"]
[WhiteElo "2024"]
[BlackElo "2230"]
[PlyCount "121"]
[EventDate "2025.01.14"]
[EventType "swiss (blitz)"]
[EventRounds "11"]
[EventCountry "USA"]
[SourceTitle "CB04_2025"]
[SourceDate "2025.01.22"]
[SourceVersion "1"]
[SourceVersionDate "2025.01.22"]
[SourceQuality "1"]

1. e4 c5 2. Nc3 Nc6 3. g3 g6 4. Bg2 Bg7 5. d3 d6 6. f4 e6 7. Nf3 Nge7 8. 0-0 0-0 9. Rb1 Rb8 10. Be3 Nd4 11. Ne2 Nec6 12. c3 Nxf3+ 13. Bxf3 b5 14. Bg2 b4 15. c4 Nd4 16. Nxd4 cxd4 17. Bf2 a5 18. g4 f5 19. gxf5 exf5 20. Bg3 Qb6 21. Kh1 Bb7 22. b3 Rbe8 23. Qc2 Re7 24. Rbe1 Rfe8 25. Re2 Qc5 26. Rfe1 fxe4 27. dxe4 Bc6 28. Qd3 a4 29. Bh4 Ra7 30. f5 gxf5 31. exf5 Bxg2+ 32. Rxg2 Rxe1+ 33. Bxe1 Rf7 34. Rg5 axb3 35. axb3 Kh8 36. Qe4 Qe5 37. Qa8+ Rf8 38. Qa1 d3 39. Qxe5 Bxe5 40. Bxb4 Rb8 41. Bd2 Rxb3 42. Rg1 Rb2 43. Rd1 Rc2 44. Kg2 Rxc4 45. Kf3 Rd4 46. Be3 Rd5 47. Ke4 Rb5 48. h3 Kg7 49. Rg1+ Kf6 50. Bg5+ Kf7 51. Kxd3 Rb3+ 52. Ke4 Rxh3 53. Rb1 Rc3 54. Rb7+ Kg8 55. Kd5 Rc8 56. f6 h5 57. f7+ Kf8 58. Bh6+ Bg7 59. Bg5 Rc5+ 60. Ke6 Rxg5 61. Rb8# 1-0

[Event "Titled Tuesday intern op 07th Jan Early"]
[Site "Chess.com INT"]
[Date "2025.01.07"]
[Round "7"]
[White "Meylan, Andre"]
[Black "Fabris, Alberto"]
[Result "1/2-1/2"]
[WhiteElo "2138"]
[BlackElo "2230"]
[PlyCount "180"]
[EventDate "2025.01.07"]
[EventType "swiss (blitz)"]
[EventRounds "11"]
[EventCountry "USA"]
[SourceTitle "CB03_2025"]
[SourceDate "2025.01.15"]
[SourceVersion "1"]
[SourceVersionDate "2025.01.15"]
[SourceQuality "1"]

1. e4 c5 2. Nf3 Nc6 3. d4 cxd4 4. Nxd4 Nf6 5. Nc3 e5 6. Ndb5 d6 7. Nd5 Nxd5 8. exd5 Nb8 9. Qf3 a6 10. Qa3 Be7 11. Bg5 f6 12. Bd2 0-0 13. Bb4 axb5 14. Qxa8 Na6 15. Bxb5 Nxb4 16. Qa4 Na6 17. Bxa6 bxa6 18. 0-0 Qb6 19. b4 Bf5 20. c4 Bd3 21. Rfc1 f5 22. Rc3 e4 23. Rd1 Bf6 24. c5 dxc5 25. bxc5 Qb2 26. Rcc1 Bd4 27. Qc6 Qxf2+ 28. Kh1 Be3 29. Qe6+ Kh8 30. Qe7 Rg8 31. Ra1 Bxc5 32. Qe6 Be2 33. Rdc1 h6 34. d6 Bf3 35. Rg1 e3 36. d7 e2 37. Qxg8+ Kxg8 38. d8Q+ Kh7 39. Qd2 Be4 40. Rae1 Qh4 41. Qxe2 Bxg1 42. Rxg1 Qg5 43. Qf2 f4 44. Re1 Bd5 45. Qc2+ Qg6 46. Qxg6+ Kxg6 47. a3 Kf5 48. Kg1 Bc4 49. Kf2 g5 50. Rc1 Bb5 51. Rc5+ Ke4 52. Rc7 h5 53. Rg7 Kf5 54. Rg8 h4 55. Re8 Kg4 56. h3+ Kf5 57. Rf8+ Ke5 58. Rg8 Kf5 59. Rg7 Kf6 60. Rc7 Kf5 61. Rc5+ Kf6 62. Rd5 Kg6 63. Rd6+ Kf5 64. Rb6 Ke5 65. a4 Bxa4 66. Rxa6 Bc2 67. Ra2 Be4 68. Ra5+ Kf6 69. Ra4 Kf5 70. Ra5+ Kf6 71. Ra2 Kf5 72. Rb2 Kf6 73. Ke1 Kf5 74. Rf2 Ke5 75. Kd2 Kd4 76. Re2 f3 77. gxf3 Bxf3 78. Rf2 Ke4 79. Ke1 Kf4 80. Kf1 Kg3 81. Kg1 g4 82. hxg4 Bxg4 83. Rg2+ Kf3 84. Rb2 Kg3 85. Rb3+ Bf3 86. Rc3 h3 87. Rc2 Bg2 88. Rc3+ Bf3 89. Rc2 Bg2 90. Rxg2+ hxg2 1/2-1/2

[Event "Titled Tuesday intern op 24th Sep Early"]
[Site "Chess.com INT"]
[Date "2024.09.24"]
[Round "8"]
[White "Abdel Hamid, Sabreen"]
[Black "Fabris, Alberto"]
[Result "0-1"]
[WhiteElo "1812"]
[BlackElo "2230"]
[PlyCount "108"]
[EventDate "2024.09.24"]
[EventType "swiss (blitz)"]
[EventRounds "11"]
[EventCountry "USA"]
[SourceTitle "EXT 2025"]
[Source "ChessBase"]
[SourceDate "2024.10.14"]
[SourceVersion "1"]
[SourceVersionDate "2024.10.14"]
[SourceQuality "1"]

1. d4 Nf6 2. Nf3 e6 3. e3 b6 4. Bd3 Bb7 5. c3 Be7 6. 0-0 0-0 7. Nbd2 d5 8. Re1 c5 9. e4 cxd4 10. cxd4 dxe4 11. Nxe4 Nbd7 12. b3 Nxe4 13. Bxe4 Bxe4 14. Rxe4 Nf6 15. Re1 Bb4 16. Bd2 Bd6 17. Bg5 Be7 18. Rc1 Rc8 19. Qe2 Qd5 20. Be3 b5 21. Qd3 a6 22. Ne5 Nd7 23. Nxd7 Qxd7 24. Red1 Qd5 25. Rxc8 Rxc8 26. Rc1 Rxc1+ 27. Bxc1 Bf6 28. Be3 h6 29. Kf1 e5 30. Qf5 Qd6 31. Qc8+ Kh7 32. Qc2+ g6 33. dxe5 Bxe5 34. g3 Qd5 35. Ke2 Bg7 36. Qd3 Qg2 37. Qd7 Qxh2 38. Qxf7 Qh5+ 39. Kf1 a5 40. Kg2 Qf5 41. Qb7 Qd3 42. Kf3 a4 43. bxa4 bxa4 44. Qa7 Qc4 45. a3 Qd5+ 46. Ke2 Qc4+ 47. Kf3 h5 48. Kg2 Qe4+ 49. Kf1 h4 50. gxh4 Qxh4 51. Qc5 Qe4 52. Qb4 Qxb4 53. axb4 a3 54. b5 a2 0-1

[Event "Titled Tuesday intern op 24th Sep Early"]
[Site "Chess.com INT"]
[Date "2024.09.24"]
[Round "10"]
[White "Lama, Himal"]
[Black "Fabris, Alberto"]
[Result "1-0"]
[WhiteElo "2059"]
[BlackElo "2230"]
[PlyCount "71"]
[EventDate "2024.09.24"]
[EventType "swiss (blitz)"]
[EventRounds "11"]
[EventCountry "USA"]
[SourceTitle "EXT 2025"]
[Source "ChessBase"]
[SourceDate "2024.10.14"]
[SourceVersion "1"]
[SourceVersionDate "2024.10.14"]
[SourceQuality "1"]

1. e4 c5 2. Nf3 Nc6 3. Bb5 g6 4. 0-0 Bg7 5. c3 Nf6 6. Re1 0-0 7. d4 cxd4 8. cxd4 d5 9. e5 Ne4 10. Bxc6 bxc6 11. Be3 Bg4 12. h3 Be6 13. Nbd2 Nxd2 14. Qxd2 Qb6 15. b3 a5 16. Bh6 Qb4 17. Qg5 c5 18. Bxg7 Kxg7 19. Qxe7 cxd4 20. Qf6+ Kg8 21. Ng5 Ra6 22. Rad1 Qc3 23. Qf4 d3 24. Qh4 h5 25. g4 Qd4 26. Nf3 Qf4 27. Rxd3 hxg4 28. Ng5 Rc8 29. Qh7+ Kf8 30. Nxe6+ fxe6 31. Qh8+ Kf7 32. Qxc8 Ra7 33. hxg4 Qxg4+ 34. Rg3 Qb4 35. Ree3 Kg7 36. Qxe6 1-0

[Event "Titled Tuesday intern op 17th Sep Early"]
[Site "Chess,com INT"]
[Date "2024.09.17"]
[Round "4"]
[White "Fabris, Alberto"]
[Black "Baches Garcia, Guillermo"]
[Result "1-0"]
[WhiteElo "2230"]
[BlackElo "2322"]
[PlyCount "79"]
[EventDate "2024.09.17"]
[EventType "swiss (blitz)"]
[EventRounds "11"]
[EventCountry "USA"]
[SourceTitle "EXT 2025"]
[Source "ChessBase"]
[SourceDate "2024.10.14"]
[SourceVersion "1"]
[SourceVersionDate "2024.10.14"]
[SourceQuality "1"]

1. e4 d5 2. exd5 Qxd5 3. Nc3 Qa5 4. d4 Nf6 5. Nf3 Bf5 6. Bc4 e6 7. Bd2 Bb4 8. 0-0 Nc6 9. a3 Bxc3 10. Bxc3 Qb6 11. Qe2 0-0 12. h3 Rad8 13. Rad1 Rfe8 14. Rfe1 Be4 15. Ng5 Bd5 16. Bd3 h6 17. Nf3 Bxf3 18. Qxf3 Nxd4 19. Qe3 c5 20. b4 e5 21. bxc5 Qxc5 22. Bb4 Qc7 23. Qg3 Nh5 24. Qh4 Nf4 25. Be4 f5 26. Bd3 Qc6 27. f3 Nxf3+ 28. gxf3 Qxf3 29. Rd2 e4 30. Rf1 Qe3+ 31. Kh1 Nxh3 32. Re2 Qb6 33. Qxh3 exd3 34. Rxe8+ Rxe8 35. cxd3 Re2 36. Qf3 Qe6 37. Bc3 Rc2 38. Bd4 Qg6 39. Rg1 Qf7 40. Rxg7+ 1-0